Aku mahu jadi travelistar

Bibliographic Details
Main Author: Ain Maisarah
Format: Book
Published: Selangor : Blink Book Sdn Bhd , 2017
Series:Aku Mahu
Subjects:

MARC

LEADER 00000cam a2200000 7i4500
001 0000078350
005 20230125.0
008 050218
020 |a 9789670411866 
041 0 |a Malay 
090 0 0 |a JF   |b MAL 
100 1 |a Ain Maisarah 
245 0 0 |a Aku mahu jadi travelistar   |c Ain Maisarah 
260 |a Selangor :   |b Blink Book Sdn Bhd ,   |c 2017 
300 |a 200p. ;   |c 19cm. 
490 1 |a Aku Mahu 
500 |a Children ages 10-12 years old (pink) 
541 0 0 |c Purchased on 2017 
650 0 |a Malay fiction 
999 |a 0001500308   |b Book   |c Teenagers   |e Cawangan Bandar Tenggara 
999 |a 0001500309   |b Book   |c Children Collection   |e Cawangan Segamat 
999 |a 0001500310   |b Book   |c Children Collection   |e Cawangan Batu Pahat 
999 |a 0001500311   |b Book   |c Children Collection   |e Cawangan Tmn. Ungku Tun Aminah 
999 |a 0001500312   |b Book   |c Children Collection   |e Cawangan Mersing 
999 |a 0001500313   |b Book   |c Children Collection   |e Cawangan Bandar Penawar 
999 |a 0001500315   |b Book   |c Children Collection   |e Cawangan Taman Sri Lambak 
999 |a 0001500317   |b Book   |c Children Collection   |e Cawangan Bukit Gambir 
999 |a 0001500318   |b Book   |c Children Collection   |e Cawangan Kota Tinggi 
999 |a 0001500319   |b Book   |c Children Collection   |e Cawangan Tangkak 
999 |a 0001500320   |b Book   |c Children Collection   |e Cawangan Sri Merlong 
999 |a 0001500321   |b Book   |c Children Collection   |e Cawangan Taman Universiti 
999 |a 0001504407   |b Book   |c Children Collection   |e Perbadanan Perpustakaan Awam Johor 
999 |a 0001504408   |b Book   |c Children Collection   |e Cawangan AEON Kulaijaya 
999 |a 0001504409   |b Book   |c Children Collection   |e Cawangan Urban Transformation Centre